Regionálna analýza výdavkov domácností Slovenskej republiky v rokoch 2004-2008

Štatistika rodinných účtov. Rodinné účty zamerané predovšetkým na zisťovanie výdavkov domácností. Vybrané miery podobnosti a nepodobnosti štruktúr. Miery koncentrácie slebo nerovnosti. Výsledky analýzy peňažných výdavkov domácností v krajoch SR v období rokov 2004-2008.

Na minha lista:
Detalhes bibliográficos
Autor principal: Labudová, Viera, 1958-
Outros Autores: Pacáková, Viera
Formato: Capítulo de Livro
Idioma:eslovaco
Assuntos:
Tags: Adicionar Tag
Sem tags, seja o primeiro a adicionar uma tag!

MARC

LEADER 00000nla$a2200000$$$4500
001 0129527
005 20240502083324.1
041 0 |a slo 
044 |a CZ 
245 1 0 |a Regionálna analýza výdavkov domácností Slovenskej republiky v rokoch 2004-2008  |c Viera Labudová, Viera Pacáková 
520 |a Štatistika rodinných účtov. Rodinné účty zamerané predovšetkým na zisťovanie výdavkov domácností. Vybrané miery podobnosti a nepodobnosti štruktúr. Miery koncentrácie slebo nerovnosti. Výsledky analýzy peňažných výdavkov domácností v krajoch SR v období rokov 2004-2008. 
610 2 0 |a domácnosti 
610 2 0 |a financie 
610 2 0 |a kraje 
610 2 0 |a pravdepodobnosť 
610 2 0 |a štatistika 
610 2 0 |a výdavky 
610 2 0 |a Slovensko 
100 1 |a Labudová, Viera, 1958- 
700 1 |a Pacáková, Viera